Loading...
| History - Other History | 3 | 2 | 1 | 0 | 60 | 54 | 73.00 | 2 | 5 |
| History - European History | 2 | 0 | 0 | 0 | 30 | 55 | 63.00 | 0 | 2 |
| History - American History | 0 | 3 | 1 | 0 | 25 | 64 | 85.33 | 0 | 3 |
| History - World History | 0 | 2 | 0 | 0 | 20 | 76 | 78.00 | 1 | 2 |
| Religion | 1 | 0 | 0 | 0 | 15 | 62 | 62.00 | 0 | 1 |
| Literature - American Literature | 0 | 1 | 0 | 0 | 10 | 103 | 103.00 | 0 | 0 |
| Social Science | 0 | 1 | 0 | 0 | 10 | 86 | 86.00 | 0 | 1 |
| Science - Other Science | 0 | 1 | 0 | 0 | 10 | 114 | 114.00 | 0 | 1 |
| Philosophy | 0 | 1 | 0 | 0 | 10 | 84 | 84.00 | 0 | 0 |
| Literature - European Literature | 0 | 0 | 1 | 0 | -5 | 0.00 | 0 | 0 | |
| Fine Arts - Visual Fine Arts | 0 | 0 | 1 | 0 | -5 | 0.00 | 0 | 0 | |
| Mythology | 0 | 0 | 1 | 0 | -5 | 0.00 | 0 | 0 | |
| Science - Physics | 0 | 0 | 1 | 0 | -5 | 0.00 | 0 | 0 |